| 000 | 00490nam a22001817a 4500 | ||
|---|---|---|---|
| 003 | CEME | ||
| 005 | 20210628202730.0 | ||
| 008 | 210120b xxu||||| |||| 00| 0 eng d | ||
| 040 | _cceme | ||
| 082 | _a304.2 BLI | ||
| 100 |
_aDe Blij, H.J ,Murphy, Alexander B _961313 |
||
| 245 | _aHuman geography ,culture, society, and space | ||
| 250 | _a7TH | ||
| 260 |
_aRAWALPINDI _bNATIONAL BOOK FOUNDATION _c2007 |
||
| 300 | _aXII, 560 P | ||
| 650 |
_aHUMAN GEOGRAPHY _913071 |
||
| 942 |
_cBK _2ddc |
||
| 999 |
_c570808 _d570808 |
||